Nexos (Registro nro. 8803)

Detalles MARC
000 -LEADER
fixed length control field 00876nas a2200265 454500
001 - CONTROL NUMBER
control field 37006
005 - DATE AND TIME OF LATEST TRANSACTION
control field 20260407193509.0
008 - FIXED-LENGTH DATA ELEMENTS--GENERAL INFORMATION
fixed length control field 260407s1994####ag###########|||spa#d
003 - CONTROL NUMBER IDENTIFIER
control field AR-UNSa-BCEJYS
040 ## - CATALOGING SOURCE
Original cataloging agency AR-UNSa-BCEJYS
Language of cataloging spa
Transcribing agency AR-UNSa-BCEJYS
080 ## - UNIVERSAL DECIMAL CLASSIFICATION NUMBER
Universal Decimal Classification number 314
Common auxiliary subdivision Demografía. Estudios de población
022 ## - INTERNATIONAL STANDARD SERIAL NUMBER
International Standard Serial Number 0328-5030
041 ## - LANGUAGE CODE
Language code of text/sound track or separate title spa
100 1# - MAIN ENTRY--PERSONAL NAME
Personal name Universidad Nacional de Mar del Plata. Secretaría de Investigación y Desarrollo Tecnológíco
245 10 - TITLE STATEMENT
Title Nexos
264 #1 - PRODUCTION, PUBLICATION, DISTRIBUTION, MANUFACTURE, AND COPYRIGHT NOTICE
Place of production, publication, distribution, manufacture Mar del Plata :
Name of producer, publisher, distributor, manufacturer Universidad Nacional de Mar del Plata
Date of production, publication, distribution, manufacture, or copyright notice 1994
505 ## - FORMATTED CONTENTS NOTE
Formatted contents note Feecuencia: Irregular
590 ## - LOCAL NOTE (RLIN)
Local note niveau_biblio:s niveau_hierar:1
650 ## - SUBJECT ADDED ENTRY--TOPICAL TERM
Topical term or geographic name entry element Migración
650 ## - SUBJECT ADDED ENTRY--TOPICAL TERM
Topical term or geographic name entry element Población
650 ## - SUBJECT ADDED ENTRY--TOPICAL TERM
Topical term or geographic name entry element Condición social
700 1# - ADDED ENTRY--PERSONAL NAME
Personal name Della Vedora, Olga O.
856 41 - ELECTRONIC LOCATION AND ACCESS
Uniform Resource Identifier <a href="https://170.210.207.44/pmb/images/revistas/R19235.jpg">https://170.210.207.44/pmb/images/revistas/R19235.jpg</a>
Link text Imagen de portada
Electronic format type image/jpeg
942 ## - ADDED ENTRY ELEMENTS (KOHA)
Koha item type
Existencias
Withdrawn status Lost status Damaged status Not for loan Home library Current library Shelving location Date acquired Serial enumeration / chronology Total checkouts Full call number Barcode Date last seen Price effective from Koha item type
        Biblioteca Prof. Eusebio Cleto del Rey Biblioteca Prof. Eusebio Cleto del Rey   01/12/2006 Año 13, Nº 23 - dic. 2006   H314 NEX 23 R19238 10/04/2026 10/04/2026 Numero
        Biblioteca Prof. Eusebio Cleto del Rey Biblioteca Prof. Eusebio Cleto del Rey   01/06/2006 Año 13, Nº 22 - jun. 2006   H314 NEX 22 R19237 10/04/2026 10/04/2026 Numero
        Biblioteca Prof. Eusebio Cleto del Rey Biblioteca Prof. Eusebio Cleto del Rey   01/12/2001 Año 8, Nº 14 - dic. 2001   H314 NEX 14 R19236 10/04/2026 10/04/2026 Numero
        Biblioteca Prof. Eusebio Cleto del Rey Biblioteca Prof. Eusebio Cleto del Rey   01/04/2001 Año 8, Nº 13 - abr. 2001   H314 NEX 13 R19235 10/04/2026 10/04/2026 Numero
        Biblioteca Prof. Eusebio Cleto del Rey Biblioteca Prof. Eusebio Cleto del Rey   01/09/1999 Año 6, Nº 11 - sep. 1999   H314 NEX 11 R19225 10/04/2026 10/04/2026 Numero